00358cam a2200145ua 45000010005000000080039000050400009000440410012000530820012000651000017000772450048000942600032001423000016001746530022001903709131204n II |||gr||||Z||||||eng aMAIN aEnglish a590 VER aVERMA, P. S. aA MANUAL OF PRACTICAL ZOOLOGY INVERTEBRATES a[s.l]:bRAM NARAYAN,c1989. a647:c24CM. aAnimals (Zoology)